| 000 | 00471nam a2200181Ia 4500 | ||
|---|---|---|---|
| 003 | GCL | ||
| 008 | 140319s9999 xx 000 0 eng d | ||
| 040 |
_aGCL / _cGCL |
||
| 082 | 0 | 4 |
_a962.403 _bH H |
| 100 | 1 | _aHOLT, P. M. | |
| 245 | 1 | 0 |
_aA HISTORY OF THE SUDAN FROM THE COMING OF ISLAM TO THE PRESENT DAY / _cHOLT, P. M. |
| 700 | 1 | _aDALY, M.W. | |
| 260 |
_a[S.N] : _bLONGMAN ، _c1989 |
||
| 300 | _a262 P | ||
| 650 | 0 | 4 | _aHISTORY |
| 650 | 0 | 4 | _aSUDAN |
| 942 |
_2ddc _cBK |
||
| 999 |
_c24642 _d24642 |
||